Word Ladder: Heads Up Quiz Stats

 Plays Quiz Updated Apr 13, 2015

Score 0/34 Timer 03:00
0 Plays Today
Clue Answer % Correct
The windows to the soul•EYES•
95%
FalsehoodsLIES
92.2%
Martial arts movie star JackieCHAN
91.5%
Stops breathingDIES
89.5%
Artificial colorsDYES
89.1%
They burn when someone is talking about you•EARS•
88.3%
Prominent feature of Jay Leno•CHIN•
86.8%
Pull in, as wagesEARN
84.3%
'Loose ____ sink ships'•LIPS•
83.8%
Someone with bad aim couldn't hit the broad side of thisBARN
80.9%
Golf ball-size precipitationHAIL
80.6%
Son of Adam and EveCAIN
78.4%
Golfer's goalHOLE
78.1%
Runners and swimmers take theseLAPS
77%
Metallica drummer UlrichLARS
76.1%
Eyelid hair•LASH•
75.2%
Firefighter's needHOSE
71.7%
Clue Answer % Correct
Talk show host ArsenioHALL
70.6%
____ Capital, Mitt Romney companyBAIN
69.2%
1960s rock musical•HAIR•
65.5%
He said 'I regret that I have but one life to lose for my country'HALE
64.3%
Jim ____ lawsCROW
64.1%
Black, in FrenchNOIR
61.7%
Proboscis•NOSE•
61.3%
Piece of chewing tobaccoCHAW
58%
Alternative to shaving and waxingNAIR
57.2%
Prominent source of sweat•BROW•
56.6%
'____ Bridges'NASH
56.1%
SnackNOSH
50.5%
Animal's stomachCRAW
49.7%
Opposite of bustBOOM
34%
Insensitive personBOOR
33.7%
Former queen of JordanNOOR
32.8%
____ Bones, rival in 'Legend of Sleepy Hollow'BROM
28.3%

Today's Daily Dose

You're not logged in!

Compare scores with friends on all Sporcle quizzes.
OR
Log In

Show Comments

Extras

Top Quizzes Today


Score Distribution

Your Account Isn't Verified!

In order to create a playlist on Sporcle, you need to verify the email address you used during registration. Go to your Sporcle Settings to finish the process.

Report this User

Report this user for behavior that violates our Community Guidelines.

Details: